<?xml version="1.0" encoding="UTF-8"?>
<record
    xmlns:xsi="http://www.w3.org/2001/XMLSchema-instance"
    xsi:schemaLocation="http://www.loc.gov/MARC21/slim http://www.loc.gov/standards/marcxml/schema/MARC21slim.xsd"
    xmlns="http://www.loc.gov/MARC21/slim">

  <leader>00469    a2200145   4500</leader>
  <controlfield tag="005">20250618060942.0</controlfield>
  <datafield tag="020" ind1=" " ind2=" ">
    <subfield code="a">9789976780826</subfield>
  </datafield>
  <datafield tag="082" ind1=" " ind2=" ">
    <subfield code="a">004NBA.</subfield>
  </datafield>
  <datafield tag="111" ind1=" " ind2=" ">
    <subfield code="a">THE NATIONAL BOARD OF ACCOUNTANTS AND AUDITORS TANZANIA (NBAA)</subfield>
  </datafield>
  <datafield tag="245" ind1=" " ind2=" ">
    <subfield code="a">T03 Introduction to Information &amp; Communication Technology, ; Accounting Technical Level I</subfield>
  </datafield>
  <datafield tag="250" ind1=" " ind2=" ">
    <subfield code="a">1st, Ed</subfield>
  </datafield>
  <datafield tag="260" ind1=" " ind2=" ">
    <subfield code="a">Dar es salaam,</subfield>
    <subfield code="b">NBAA,</subfield>
    <subfield code="c">2014.</subfield>
  </datafield>
  <datafield tag="300" ind1=" " ind2=" ">
    <subfield code="a">310p.ill.;picture,table</subfield>
    <subfield code="b">Index</subfield>
    <subfield code="c">29cm</subfield>
  </datafield>
  <datafield tag="942" ind1=" " ind2=" ">
    <subfield code="2">ddc</subfield>
    <subfield code="c">BKS</subfield>
  </datafield>
  <datafield tag="999" ind1=" " ind2=" ">
    <subfield code="c">4248</subfield>
    <subfield code="d">4248</subfield>
  </datafield>
  <datafield tag="952" ind1=" " ind2=" ">
    <subfield code="r">2025-06-18 06:12:43</subfield>
    <subfield code="l">0</subfield>
    <subfield code="o">004NBA</subfield>
    <subfield code="p">DOM0002410</subfield>
    <subfield code="v">150000.00</subfield>
    <subfield code="w">2025-06-18</subfield>
    <subfield code="y">BKS</subfield>
    <subfield code="1">0</subfield>
    <subfield code="2">ddc</subfield>
    <subfield code="4">0</subfield>
    <subfield code="7">0</subfield>
    <subfield code="0">0</subfield>
    <subfield code="a">004</subfield>
    <subfield code="b">004</subfield>
    <subfield code="c">GEN</subfield>
    <subfield code="d">2021-09-27</subfield>
    <subfield code="g">50000.00</subfield>
  </datafield>
  <datafield tag="952" ind1=" " ind2=" ">
    <subfield code="r">2025-06-18 06:13:24</subfield>
    <subfield code="l">0</subfield>
    <subfield code="o">004NBA</subfield>
    <subfield code="p">DOM0002415</subfield>
    <subfield code="v">150000.00</subfield>
    <subfield code="w">2025-06-18</subfield>
    <subfield code="y">BKS</subfield>
    <subfield code="1">0</subfield>
    <subfield code="2">ddc</subfield>
    <subfield code="4">0</subfield>
    <subfield code="7">0</subfield>
    <subfield code="0">0</subfield>
    <subfield code="a">004</subfield>
    <subfield code="b">004</subfield>
    <subfield code="c">GEN</subfield>
    <subfield code="d">2021-09-27</subfield>
    <subfield code="g">50000.00</subfield>
  </datafield>
  <datafield tag="952" ind1=" " ind2=" ">
    <subfield code="r">2025-06-18 06:14:01</subfield>
    <subfield code="l">0</subfield>
    <subfield code="o">004NBA</subfield>
    <subfield code="p">DOM0002418</subfield>
    <subfield code="v">150000.00</subfield>
    <subfield code="w">2025-06-18</subfield>
    <subfield code="y">BKS</subfield>
    <subfield code="1">0</subfield>
    <subfield code="2">ddc</subfield>
    <subfield code="4">0</subfield>
    <subfield code="7">0</subfield>
    <subfield code="0">0</subfield>
    <subfield code="a">004</subfield>
    <subfield code="b">004</subfield>
    <subfield code="c">GEN</subfield>
    <subfield code="d">2021-09-27</subfield>
    <subfield code="g">50000.00</subfield>
  </datafield>
  <datafield tag="952" ind1=" " ind2=" ">
    <subfield code="r">2025-06-18 06:14:31</subfield>
    <subfield code="l">0</subfield>
    <subfield code="o">004NBA</subfield>
    <subfield code="p">DOM0002417</subfield>
    <subfield code="v">150000.00</subfield>
    <subfield code="w">2025-06-18</subfield>
    <subfield code="y">BKS</subfield>
    <subfield code="1">0</subfield>
    <subfield code="2">ddc</subfield>
    <subfield code="4">0</subfield>
    <subfield code="7">0</subfield>
    <subfield code="0">0</subfield>
    <subfield code="a">004</subfield>
    <subfield code="b">004</subfield>
    <subfield code="c">GEN</subfield>
    <subfield code="d">2021-09-27</subfield>
    <subfield code="g">50000.00</subfield>
  </datafield>
  <datafield tag="952" ind1=" " ind2=" ">
    <subfield code="r">2025-06-18 06:15:11</subfield>
    <subfield code="l">0</subfield>
    <subfield code="o">004NBA</subfield>
    <subfield code="p">DOM0002416</subfield>
    <subfield code="v">150000.00</subfield>
    <subfield code="w">2025-06-18</subfield>
    <subfield code="y">BKS</subfield>
    <subfield code="1">0</subfield>
    <subfield code="2">ddc</subfield>
    <subfield code="4">0</subfield>
    <subfield code="7">0</subfield>
    <subfield code="0">0</subfield>
    <subfield code="a">004</subfield>
    <subfield code="b">004</subfield>
    <subfield code="c">GEN</subfield>
    <subfield code="d">2021-09-27</subfield>
    <subfield code="g">50000.00</subfield>
  </datafield>
  <datafield tag="952" ind1=" " ind2=" ">
    <subfield code="r">2025-06-18 06:24:11</subfield>
    <subfield code="l">0</subfield>
    <subfield code="o">004NBA</subfield>
    <subfield code="p">DOM0004011</subfield>
    <subfield code="v">150000.00</subfield>
    <subfield code="w">2025-06-18</subfield>
    <subfield code="y">BKS</subfield>
    <subfield code="1">0</subfield>
    <subfield code="2">ddc</subfield>
    <subfield code="4">0</subfield>
    <subfield code="7">0</subfield>
    <subfield code="0">0</subfield>
    <subfield code="a">004</subfield>
    <subfield code="b">004</subfield>
    <subfield code="c">GEN</subfield>
    <subfield code="d">2021-06-09</subfield>
    <subfield code="g">50000.00</subfield>
  </datafield>
</record>
